000 00309nam a22001457a 4500
008 230901b ||||| |||| 00| 0 eng d
020 _a0521211018
041 _aeng
080 _a521
082 _a521NER
100 _a19
101 _aASRTO
245 _aTHE SHAPE OF SPACE
_cNERLICH.G
942 _2udc
_cBK
999 _c60251
_d60251